Sons qui ont fait percer les rappeurs. - Statistiques

Statistiques générales
  • Ce quiz a été pris 2 062 fois
  • Le résultat moyen est 19 sur 40
Statistiques - réponses
Titre Rappeur(euse) % Correct
Matuidi Charo Niska
92%
Freez Rael Freeze Corleone
89%
Khapta Heuss L’enfoiré
83%
Le Monde Ou Rien PNL
82%
Sors le cross volé Jul
78%
Monégasque PLK
77%
Ténébreux 1 Koba LaD
74%
Champs Elysées SCH
74%
O'Kartier C'est La Hess 4Keus
68%
Tes Parents Leto
66%
Guérilla Soolking
66%
Bienvenue A La Banane Moha La Squale
65%
J'Fais Mes Affaires Djadja & Dinaz
64%
Extasy Zola
61%
Gramme 2 Peuf Hornet La Frappe
57%
Toka Sofiane
55%
J'picole Sasso
53%
T-Shirt Croco Naps
52%
Freestyle 5 min #8 ZKR
50%
Traction Gradur
49%
B3 RK
49%
Benzema Brulux
48%
Prison pour mineurs Hatik
47%
Sacoche Larry
44%
Mama Maes
44%
La Vraie Vie Da Uzi
43%
Pinocchio Damso
38%
Chien D'la Casse Diddi Trix
37%
TP Soso Maness
36%
La Guenav Gambi
28%
Méchant 4 Kodes
26%
LVC Shotas
23%
Cœur Noir Bosh
22%
Freestyle Hors Série #1 1Plike140
19%
En bas de chez moi Landy
19%
Au Pied De Ma Tour MMZ
17%
Sablier Lacrim
12%
Freestyle 100Pac 100 Blaze
10%
Sarrazin YL
10%
Tmax Popey
2%
Aucun quiz correspondant
Distribution des résultats
% des personnes avec chaque résultat
Percentile par nombre de réponses
Votre historique - résultats
Vous n’avez pas pris ce quiz